Black and Blue (Record n. 99153)

Dettagli MARC
000 -LEADER
fixed length control field 01031njm a2200301Ia 4500
001 - CONTROL NUMBER
control field 36703
003 - CONTROL NUMBER IDENTIFIER
control field IT-RoPAU
005 - DATE AND TIME OF LATEST TRANSACTION
control field 20220918181113.0
008 - FIXED-LENGTH DATA ELEMENTS--GENERAL INFORMATION
fixed length control field 131025s9999 xx 000 0 und d
040 ## - CATALOGING SOURCE
Original cataloging agency IT-RoPAU
040 ## - CATALOGING SOURCE
Transcribing agency IT-RoPAU
041 ## - LANGUAGE CODE
Language code of text/sound track or separate title INGLESE
999 ## - SYSTEM CONTROL NUMBERS (KOHA)
Koha Dewey Subclass [OBSOLETE] n.d.
100 ## - MAIN ENTRY--PERSONAL NAME
Personal name Jagger Mick
9 (RLIN) 16608
100 ## - MAIN ENTRY--PERSONAL NAME
Relator term Autore musica
9 (RLIN) 19233
100 ## - MAIN ENTRY--PERSONAL NAME
Miscellaneous information Codice autore musica SPICS: 10121
9 (RLIN) 16610
245 ## - TITLE STATEMENT
Title Black and Blue
250 ## - EDITION STATEMENT
Edition statement 2a ed.
260 ## - PUBLICATION, DISTRIBUTION, ETC. (IMPRINT)
Place of publication, distribution, etc. MILANO
260 ## - PUBLICATION, DISTRIBUTION, ETC. (IMPRINT)
Name of publisher, distributor, etc. EMI ITALIANA
Date of publication, distribution, etc. 1979 [1a Ed.:1976 - Ed. Lingua Orig.: 1976]
300 ## - PHYSICAL DESCRIPTION
Extent DISCO
500 ## - GENERAL NOTE
General note Musica rock
505 ## - FORMATTED CONTENTS NOTE
Formatted contents note Hot Stuff - Hand of Fate - Cherry Oh Baby - Memory Motel - Hey Negrita (Inspiration By Ron Wood) - Melody (Inspiration By Billy Preston) - Fool To Cry - Crazy Mama
650 ## - SUBJECT ADDED ENTRY--TOPICAL TERM
Topical term or geographic name as entry element ROCK [DISCHI]
Relator term Codice MATERIA SPICS: 9950
9 (RLIN) 1088
700 ## - ADDED ENTRY--PERSONAL NAME
Personal name Richards Keith
Relator term Autore
Miscellaneous information Codice autore SPICS: 27012
9 (RLIN) 19234
700 ## - ADDED ENTRY--PERSONAL NAME
Personal name Rolling Stones (The)
Miscellaneous information Codice interprete SPICS: 11123
Relator term Interprete
9 (RLIN) 19235
942 ## - ADDED ENTRY ELEMENTS (KOHA)
Koha item type DISCHI
Source of classification or shelving scheme Dewey Decimal Classification
Dati di copia
Withdrawn status Lost status Damaged status Not for loan Home library Current library Date acquired Total Checkouts Full call number Date last seen Price effective from Koha item type Public note
    Buone Condizioni Not For Loan SPICS-MEDIATECA SPICS-MEDIATECA 25/10/2013   36703 25/10/2013 25/10/2013 DISCHI Progr. Ins.: 12991 / N.Vol.: 1 / Copie: 1 - Copia rara: n.d. / date import: 01.01.2014 - By Epidotti, Trombetti, Vaglietti
CREDITS: SOCIETA' SAN PAOLO Via A.Severo, 58 - ROMA (RM) & PERIODICI SAN PAOLO SRL Via Giotto, 36 MILANO & CISF Via Giotto, 36 MILANO & EDIZIONI SAN PAOLO SRL,  Piazza Soncino, 5 CINISELLO BALSAMO (MI) -- ITALY